[Event "Regionalliga NW 1011"]
[Site "Bayern"]
[Date "2011.03.20"]
[Round "8.4"]
[White "Sappok, Johann"]
[Black "Goetzel, Alfred"]
[Result "0-1"]
[WhiteElo "1867"]
[BlackElo "1777"]
[PlyCount "56"]
[EventDate "2010.10.10"]
[EventType "team-tourn"]
[EventRounds "9"]
[EventCountry "GER"]
[SourceTitle "EXT 2012"]
[Source "ChessBase"]
[SourceDate "2011.11.24"]
[SourceVersion "1"]
[SourceVersionDate "2011.11.24"]
[SourceQuality "1"]
[WhiteTeam "Bamberg II"]
[BlackTeam "Hoechstadt/Aisch"]
[WhiteTeamCountry "GER"]
[BlackTeamCountry "GER"]

1. e4 e6 2. d4 d5 3. exd5 exd5 4. Bd3 Bd6 5. Ne2 Ne7 6. Nbc3 c6 7. Bf4 Bf5 8. 0-0 0-0 9. Re1 Bxd3 10. Qxd3 Ng6 11. Bxd6 Qxd6 12. Ng3 Nd7 13. Nf5 Qf6 14. Qh3 Qg5 15. Nd6 Nf6 16. Re3 Qf4 17. Nf5 Rfe8 18. Ne2 Qg5 19. Rf1 Re4 20. Rxe4 Nxe4 21. f4 Qf6 22. Ne3 Re8 23. f5 Nf8 24. Ng4 Qg5 25. f6 Nxf6 26. Nxf6+ gxf6 27. Rf3 Ng6 28. Kf1 Qd2 0-1

[Event "Regionalliga NW 1011"]
[Site "Bayern"]
[Date "2011.01.16"]
[Round "5.4"]
[White "Sappok, Johann"]
[Black "Mueller, Markus3333"]
[Result "0-1"]
[WhiteElo "1867"]
[BlackElo "2046"]
[PlyCount "62"]
[EventDate "2010.10.10"]
[EventType "team-tourn"]
[EventRounds "9"]
[EventCountry "GER"]
[SourceTitle "EXT 2012"]
[Source "ChessBase"]
[SourceDate "2011.11.24"]
[SourceVersion "1"]
[SourceVersionDate "2011.11.24"]
[SourceQuality "1"]
[WhiteTeam "Bamberg II"]
[BlackTeam "Kirchenlaibach"]
[WhiteTeamCountry "GER"]
[BlackTeamCountry "GER"]

1. e4 e6 2. d4 d5 3. exd5 exd5 4. Bd3 Nc6 5. c3 Bd6 6. h3 Nge7 7. Nf3 Bf5 8. b3 Qd7 9. Ba3 Qe6+ 10. Be2 Bxa3 11. Nxa3 Ng6 12. Qd2 Qe7 13. Nc2 Bxc2 14. Qxc2 Nf4 15. 0-0 Nxe2+ 16. Kh1 Nf4 17. Qf5 Ne6 18. Qxd5 0-0 19. Qf5 g6 20. Qb5 Nf4 21. Rfe1 Qd6 22. Qxb7 Rae8 23. Ng5 Qd5 24. Nf3 Nd3 25. Rxe8 Rxe8 26. Kg1 Nf4 27. Qxc7 Nxh3+ 28. Kf1 Qe4 29. Ne5 Nxe5 30. Re1 Qd3+ 31. Re2 Nf3 0-1

[Event "Landesliga Nord 0304"]
[Site "Bayern"]
[Date "2004.01.18"]
[Round "5.6"]
[White "Sappok, Johann"]
[Black "Burggraf, Michael"]
[Result "0-1"]
[WhiteElo "1934"]
[BlackElo "2082"]
[PlyCount "84"]
[EventDate "2003.10.??"]
[EventType "team"]
[EventRounds "9"]
[EventCountry "GER"]
[SourceTitle "EXT 2006"]
[Source "ChessBase"]
[SourceDate "2005.11.24"]
[SourceVersion "1"]
[SourceVersionDate "2005.11.24"]
[SourceQuality "1"]
[WhiteTeam "Bamberg II"]
[BlackTeam "Forchheim II"]
[WhiteTeamCountry "GER"]
[BlackTeamCountry "GER"]

1. e4 c6 2. d4 g6 3. Nf3 Bg7 4. Bd3 d5 5. e5 Nh6 6. 0-0 0-0 7. Bxh6 Bxh6 8. Nbd2 Bg4 9. h3 Be6 10. c3 Qc8 11. Nh4 Bf4 12. g4 f6 13. exf6 Rxf6 14. Ng2 Qc7 15. Qe2 Nd7 16. Rae1 Raf8 17. Nf3 g5 18. Nxf4 Qxf4 19. Ne5 Rh6 20. Kg2 Nxe5 21. dxe5 Rh4 22. f3 c5 23. Qe3 Qxe3 24. Rxe3 Rf4 25. Bc2 a6 26. a4 b6 27. Rb1 Kf7 28. b4 d4 29. cxd4 Rxd4 30. Bd3 cxb4 31. Bxa6 b3 32. Bb5 Rd2+ 33. Kg3 Bd5 34. Re2 Rd4 35. Rbe1 Rh6 36. Bd7 Rd3 37. e6+ Kg7 38. Rf1 Rf6 39. Bb5 Rdxf3+ 40. Rxf3 Rxf3+ 41. Kh2 Rc3 42. Re1 b2 0-1

[Event "Landesliga Nord 0102"]
[Site "Bayern"]
[Date "2002.01.20"]
[Round "4.8"]
[White "Muehlbauer, Andreas"]
[Black "Sappok, Johann"]
[Result "1-0"]
[WhiteElo "2040"]
[BlackElo "1975"]
[PlyCount "45"]
[EventDate "2001.10.07"]
[EventType "team"]
[EventRounds "9"]
[EventCountry "GER"]
[SourceTitle "EXT 2003"]
[Source "ChessBase"]
[SourceDate "2002.11.25"]
[SourceVersion "1"]
[SourceVersionDate "2002.11.25"]
[SourceQuality "1"]
[WhiteTeam "Koetzting"]
[BlackTeam "Bamberg II"]
[WhiteTeamCountry "GER"]
[BlackTeamCountry "GER"]

1. e4 e6 2. d4 d5 3. Nd2 dxe4 4. Nxe4 Nd7 5. Nf3 Ngf6 6. Bd3 b6 7. 0-0 Bb7 8. Qe2 c5 9. dxc5 Nxe4 10. Bxe4 Bxe4 11. Qxe4 Bxc5 12. Rd1 Rc8 13. Ne5 Rc7 14. Bf4 Qc8 15. Qa4 Rb7 16. c4 f6 17. Nxd7 Rxd7 18. b4 Bf8 19. Rd2 Ke7 20. Rad1 Rb7 21. Qb5 Kf7 22. Rd8 a6 23. Qe8+ 1-0

[Event "Regionalliga NW 9798"]
[Site "Bayern"]
[Date "1998.??.??"]
[Round "?.8"]
[White "Sappok, Johann"]
[Black "Birken, Michael"]
[Result "1/2-1/2"]
[WhiteElo "1975"]
[BlackElo "2025"]
[PlyCount "56"]
[EventDate "1997.10.??"]
[EventType "team-tourn"]
[EventRounds "9"]
[EventCountry "GER"]
[SourceTitle "EXT 2020"]
[Source "ChessBase"]
[SourceDate "2019.10.17"]
[SourceVersion "1"]
[SourceVersionDate "2019.10.17"]
[SourceQuality "1"]
[WhiteTeam "Bamberg SC III"]
[BlackTeam "Schweinfurt Fr"]
[WhiteTeamCountry "GER"]
[BlackTeamCountry "GER"]

1. e4 c5 2. Nc3 Nc6 3. g3 g6 4. Bg2 Bg7 5. d3 d6 6. f4 f5 7. Nf3 e5 8. Be3 Nge7 9. 0-0 0-0 10. Qd2 Rb8 11. fxe5 Nxe5 12. Nxe5 Bxe5 13. Bf4 Nc6 14. Bh6 Bg7 15. Bxg7 Kxg7 16. Nd5 Be6 17. Nf4 Qd7 18. Rae1 Rbe8 19. Nxe6+ Rxe6 20. exf5 Rxe1 21. Rxe1 Qxf5 22. Rf1 Qe5 23. Rxf8 Kxf8 24. c3 Kg7 25. Qf2 Qe6 26. b3 Ne5 27. Qe3 Qg4 28. Qd2 Nf3+ 1/2-1/2

[Event "Regionalliga NW 9899"]
[Site "Bayern"]
[Date "1998.??.??"]
[Round "2.5"]
[White "Sappok, Johann"]
[Black "Neumann, Christoph"]
[Result "1-0"]
[WhiteElo "1985"]
[BlackElo "1880"]
[PlyCount "48"]
[EventDate "1998.??.??"]
[EventType "team-tourn"]
[EventRounds "9"]
[EventCountry "GER"]
[SourceTitle "EXT 2020"]
[Source "ChessBase"]
[SourceDate "2019.10.17"]
[SourceVersion "1"]
[SourceVersionDate "2019.10.17"]
[SourceQuality "1"]
[WhiteTeam "Bamberg SC III"]
[BlackTeam "Sand"]
[WhiteTeamCountry "GER"]
[BlackTeamCountry "GER"]

1. e4 c6 2. d4 d5 3. e5 Bf5 4. h4 h6 5. g4 Be4 6. f3 Bh7 7. e6 fxe6 8. Bd3 Bxd3 9. Qxd3 Nf6 10. f4 Qa5+ 11. c3 Qa6 12. Qg6+ Kd8 13. Nd2 c5 14. Ngf3 Nbd7 15. g5 Ng4 16. gxh6 Nxh6 17. Ng5 Nf6 18. Ndf3 c4 19. Ne5 Kc7 20. f5 exf5 21. Bf4 Kc8 22. Ngf7 Nxf7 23. Qxf7 Qb6 24. 0-0-0 Nh5 1-0

[Event "Landesliga Nord 9697"]
[Site "Bayern"]
[Date "1997.??.??"]
[Round "?"]
[White "Spitzl, Bertram"]
[Black "Sappok, Johann"]
[Result "1/2-1/2"]
[WhiteElo "2105"]
[BlackElo "1975"]
[PlyCount "101"]
[EventDate "1996.10.??"]
[EventType "team-tourn"]
[EventRounds "9"]
[EventCountry "GER"]
[SourceTitle "EXT 2020"]
[Source "ChessBase"]
[SourceDate "2019.10.17"]
[SourceVersion "1"]
[SourceVersionDate "2019.10.17"]
[SourceQuality "1"]
[WhiteTeam "Bindlach"]
[BlackTeam "Bamberg SC II"]
[WhiteTeamCountry "GER"]
[BlackTeamCountry "GER"]

1. g3 Nf6 2. Bg2 g6 3. e4 d6 4. d3 Bg7 5. Nf3 0-0 6. 0-0 Bg4 7. h3 Bd7 8. Nbd2 c5 9. a4 Nc6 10. Nc4 Qc7 11. Bf4 e5 12. Be3 b6 13. Qd2 a6 14. Bh6 b5 15. Bxg7 Kxg7 16. Ne3 Nd4 17. Nh4 Nh5 18. Nd5 Qb7 19. a5 Be6 20. Nb6 Rae8 21. Kh2 Qe7 22. Qd1 b4 23. Nf3 Nb5 24. Nd2 Kg8 25. Ndc4 Ng7 26. f4 f6 27. Ne3 Bf7 28. Ned5 Bxd5 29. Nxd5 Qd8 30. fxe5 fxe5 31. Qd2 Nc7 32. Nb6 Nge6 33. h4 Kg7 34. c3 bxc3 35. bxc3 Rxf1 36. Rxf1 Rf8 37. Rxf8 Qxf8 38. Nc4 Nb5 39. Bh3 Qf6 40. Kg2 h6 41. Ne3 h5 42. Nd5 Qf7 43. Bxe6 Qxe6 44. Qg5 Qf7 45. Qd8 Qe6 46. Kf2 Qf7+ 47. Ke3 Qf1 48. Qe7+ Kh6 49. Qg5+ Kg7 50. Kd2 Qf2+ 51. Kd1 1/2-1/2

[Event "Regionalliga NW 9697"]
[Site "Bayern"]
[Date "1996.??.??"]
[Round "?"]
[White "Schleupner, Kurt"]
[Black "Sappok, Johann"]
[Result "1/2-1/2"]
[WhiteElo "1980"]
[BlackElo "1960"]
[PlyCount "47"]
[EventDate "1996.10.??"]
[EventType "team-tourn"]
[EventRounds "9"]
[EventCountry "GER"]
[SourceTitle "EXT 1999"]
[Source "ChessBase"]
[SourceDate "1998.11.16"]
[SourceVersion "1"]
[SourceVersionDate "1998.11.16"]
[SourceQuality "1"]
[WhiteTeam "Hof SK II"]
[BlackTeam "Bamberg SC III"]
[WhiteTeamCountry "GER"]
[BlackTeamCountry "GER"]

1. e4 e6 2. d4 d5 3. Nc3 dxe4 4. Nxe4 Nd7 5. Nf3 Ngf6 6. Nxf6+ Nxf6 7. Bg5 c5 8. dxc5 Qa5+ 9. Qd2 Qxd2+ 10. Nxd2 Bxc5 11. Bxf6 gxf6 12. Ne4 Be7 13. 0-0-0 Bd7 14. Be2 Bc6 15. f3 0-0 16. g4 Rfd8 17. Bd3 Kf8 18. h4 Rac8 19. Rhf1 h6 20. Kb1 Rc7 21. Be2 Rcd7 22. Rxd7 Rxd7 23. Bd3 b6 24. a3 1/2-1/2